000 00506nam a22001937a 4500
999 _c527724
_d527724
003 NUST
005 20190806072328.0
008 190806b ||||| |||| 00| 0 eng d
038 _aMr. Noman
082 _a658.4
100 _aAli, Numan
_917921
245 _a"Driving Services in Islamabad"
_cNuman Ali.
260 _aIslamabad:
_bNBS - NUST.
_c2016.
300 _a35 p.: ill.;
_c30cm.
500 _aHardcover.
650 _aEMBA Thesis.
_917645
700 _aBilal Chohan.
_918858
942 _2ddc
_cTHE